F1 World Champions in order (up to 2025) - Statistics

General Stats
  • This quiz has been taken 1,077 times
    567 since last reset
  • The average score is 59 of 76
Answer Stats
Year World Champion % Correct
2025 Lando Norris
100%
2024 Max Verstappen
100%
2023 Max Verstappen
99%
2022 Max Verstappen
99%
2021 Max Verstappen
99%
2020 Lewis Hamilton
98%
2019 Lewis Hamilton
98%
2018 Lewis Hamilton
98%
2017 Lewis Hamilton
98%
2015 Lewis Hamilton
97%
2014 Lewis Hamilton
97%
2016 Nico Rosberg
97%
2013 Sebastian Vettel
96%
2012 Sebastian Vettel
95%
2011 Sebastian Vettel
95%
2010 Sebastian Vettel
95%
2009 Jenson Button
93%
2008 Lewis Hamilton
93%
2003 Michael Schumacher
93%
2006 Fernando Alonso
92%
2005 Fernando Alonso
92%
2007 Kimi Räikkönen
92%
2004 Michael Schumacher
92%
2002 Michael Schumacher
92%
2001 Michael Schumacher
92%
2000 Michael Schumacher
92%
1991 Ayrton Senna
83%
1988 Ayrton Senna
83%
1989 Alain Prost
82%
1990 Ayrton Senna
82%
1999 Mika Häkkinen
82%
1998 Mika Häkkinen
82%
1993 Alain Prost
81%
1997 Jacques Villeneuve
81%
1995 Michael Schumacher
80%
1996 Damon Hill
79%
1994 Michael Schumacher
79%
1992 Nigel Mansell
77%
1986 Alain Prost
76%
1987 Nelson Piquet
75%
1985 Alain Prost
74%
1984 Niki Lauda
73%
1951 Juan Manuel Fangio
70%
1983 Nelson Piquet
69%
1956 Juan Manuel Fangio
68%
1955 Juan Manuel Fangio
68%
1954 Juan Manuel Fangio
68%
1977 Niki Lauda
68%
1952 Alberto Ascari
67%
1950 Giuseppe Farina
67%
1976 James Hunt
67%
1975 Niki Lauda
67%
1953 Alberto Ascari
66%
1981 Nelson Piquet
66%
1982 Keke Rosberg
65%
1980 Alan Jones
63%
1978 Mario Andretti
63%
1979 Jody Scheckter
62%
1957 Juan Manuel Fangio
62%
1971 Jackie Stewart
61%
1974 Emerson Fittipaldi
60%
1972 Emerson Fittipaldi
60%
1973 Jackie Stewart
60%
1969 Jackie Stewart
59%
1962 Graham Hill
58%
1970 Jochen Rindt
58%
1961 Phil Hill
58%
1968 Graham Hill
57%
1965 Jim Clark
57%
1963 Jim Clark
57%
1958 Mike Hawthorn
57%
1960 Jack Brabham
56%
1959 Jack Brabham
56%
1964 John Surtees
55%
1966 Jack Brabham
54%
1967 Denny Hulme
51%
No matching quizzes found
Score Distribution
Percent of People with Each Score
Percentile by Number Answered
Your Score History
You have not taken this quiz since the last reset